Statistics for Playable Characters in Lego Star Wars: The Complete Saga

Click here to take the quiz!

General Stats

  • This quiz has been taken 108 times
  • The average score is 76 of 135

Answer Stats

CharacterVariant% Correct
Anakin Skywalker(Boy)
98%
Luke Skywalker(Tatooine)
96%
Obi-Wan Kenobi-
96%
Anakin Skywalker(Clone Wars) | (Ghost) | (Jedi) | (Padawan)
94%
Boba Fett(Bounty Hunter) | (Boy)
94%
Han Solo-
94%
Princess Leia-
94%
Luke Skywalker(Bespin) | (Dagobah) | (Hoth) | +3 others
91%
Obi-Wan Kenobi(Episode III) | (Jedi Master)
91%
Darth Vader
89%
Han Solo(Endor) | (Frozen in Carbonite) | (Hood) | +3 others
89%
Jango Fett
89%
Princess Leia(Bespin) | (Boushh) | (Endor) | +3 others
89%
Yoda(Ghost) | -
89%
C-3PO
87%
Qui-Gon Jinn
87%
R2-D2
87%
Count Dooku
85%
Emperor Palpatine
83%
Padmé(Battle) | (Clawed) | (Geonosis) | -
83%
Darth Maul
81%
Mace Windu-
81%
Chancellor Palpatine
77%
Mace Windu(Episode III)
77%
Stormtrooper
77%
Chewbacca
74%
Jar Jar Binks
74%
Lando Calrissian-
72%
Battle Droid(Commander) | (Geonosis) | (Security) | -
70%
Clone(Episode III) | (Episode III, Pilot) | (Episode III, Swamp) | +2 others
70%
Disguised Clone
70%
General Grievous
68%
Lando Calrissian(Palace Guard)
68%
Ben Kenobi-
64%
Ben Kenobi(Ghost)
62%
Kit Fisto
60%
Ki-Adi-Mundi
55%
Super Battle Droid
53%
Shaak Ti
51%
Wicket
49%
Ewok
47%
Queen Amidala
47%
Commander Cody
45%
Admiral Akbar
43%
Captain Panaka
43%
IG-88
43%
Aayla Secura
40%
Grand Moff Tarkin
40%
Jawa
40%
Plo Koon
40%
Droideka
38%
Rebel Trooper(Hoth) | -
38%
Snowtrooper
38%
Greedo
36%
Luminara
36%
Bossk
34%
Geonosian
34%
Sandtrooper
34%
Wampa
34%
4-LOM
32%
Rebel Pilot
32%
Wookiee
32%
Zam Wesell
32%
Bib Fortuna
30%
Lobot
30%
Watto
30%
Gonk Droid
28%
Grievous' Bodyguard
28%
Imperial Guard
28%
Imperial Officer
28%
Palace Guard
28%
Rebel Friend
28%
Scout Trooper
28%
Skiff Guard
28%
TC-14
28%
Tusken Raider
28%
Captain Antilles
26%
Gamorrean Guard
26%
TIE Fighter Pilot
26%
Death Star Trooper
23%
Lama Su
23%
Imperial Engineer
21%
R4-P17
21%
Womp Rat
21%
AT-AT Driver
19%
Pit Droid
19%
R2-Q5
19%
Rebel Engineer
19%
Taun We
19%
Buzz Droid
17%
Dengar
17%
Imperial Spy
17%
Beach Trooper
15%
Bespin Guard
15%
Royal Guard
15%
PK Droid
13%
Rancor
13%
Skeleton
13%
Ugnaught
13%
Imperial Shuttle Pilot
11%
Training Remote
11%
Dexter Jettster
9%
Mouse Droid
6%

Score Distribution

Percentile by Number Answered

Percent of People with Each Score

Your Score History

You have not taken this quiz